000 00460nam a2200157 i 4500
001 52268
003 ES-MaACL
005 20230906162543.0
007 t|
008 030827s1909 fr ||||1| fre d
100 1 _aChuquet, Arthur.
_938702
245 1 0 _aHistoires des litteratures
_b: litterature allemande /
_cArthur Chuquet.
260 _a[S.l. :
_bs.n.,
_c1909] (
_eCoulommiers :
_fPaul Brodard)
300 _a486 p. ;
_c20 cm.
852 _aES-MaACL
_jF-5829
999 _c52268
_d52268